Bienvenue au Catalogue en Ligne des Bibliothèques de l'Universite du Burundi

Economie de l'entreprise (Record no. 53092)

000 -GUIDE
Champ de contrôle de longueur fixe 00888nam a22002537a 4500
003 - IDENTITÉ DU NUMÉRO DE CONTRÔLE
Champ de contrôle BI-BuBU
008 - ÉLÉMENTS DE LONGUEUR FIXE - RENSEIGNEMENTS GÉNÉRAUX
Champ de contrôle de longueur fixe 251120b fr fr|||| 000 0 fre d
037 ## - SOURCE D'ACQUISITION
Source d'acquisition et du numéro d'inventaire Fact. AMP. 15216 du 15.2.1971 FB 160 = T.1, 213 =T.2
039 ## - NIVEAU DE CONTRÔLE BIBLIOGRAPHIQUE ET HISTORIQUE D'ENCODAGE [OBSOLETE]
Date creation 20251120103422.0
Nom catalographe Constance Niyimpa
040 ## - SOURCE DU CATALOGAGE
Organisme qui a effectué le catalogage original BI-BuBU
Code de la langue utilisée dans le catalogage fre
Organisme qui a effectué la transcription BI-BuBU
Organisme qui a effectué la modification BI-BuBU
041 0# - CODE DE LANGUE
Code de langue du texte/de la piste sonore ou du titre distinct fre
080 ## - INDICE DE LA CLASSIFICATION DÉCIMALE UNIVERSELLE (CDU)
Indice de la Classification décimale universelle 658.01
100 1# - VEDETTE PRINCIPALE - NOM DE PERSONNE
Code de relation aut.
Nom de personne Scheid, J.
245 10 - MENTION DU TITRE
Titre Economie de l'entreprise
Mention de responsabilité, etc. par J. Scheid, J.-C. Teston ; préf. de A. Cotta.
260 ## - PUBLICATION, DIFFUSION, ETC. (ADRESSE BIBLIOGRAPHIQUE)
Lieu de publication, diffusion, etc. Paris
Nom de l'éditeur, diffuseur, etc. Dunod
Date of publication, distribution, etc 1969
300 ## - DESCRIPTION MATÉRIELLE
Collation 2 t.
Dimensions 24 cm.
440 #0 - MENTION DE COLLECTION / VEDETTE SECONDAIRE DE TITRE
Titre Université et technique
9 (RLIN) 40537
505 ## - NOTE DE DÉPOUILLEMENT STRUCTURÉE
Renseignements divers T.1 : L'environnement , la demande. - 1969. -220p.<br/>T.2 : Les coûts, le financement, la stratégie. -1970. -318 p.
650 #7 - VEDETTE-MATIÈRE - NOM COMMUN
Source du terme BI-BuBU
Vedette de sujet ou vedette comportant un nom géographique Entreprise
Subdivision générale Economie
-- Gestion
655 #7 - TERME D'INDEXATION - GENRE OU FORME
Source du terme BI-BuBU
Données ou terme dominant sur le genre ou la forme Book
700 1# - VEDETTE SECONDAIRE - NOM DE PERSONNE
Code de relation aut.
Nom d'auteur Teston, J.-C.
700 1# - VEDETTE SECONDAIRE - NOM DE PERSONNE
Code de relation préf.
Nom d'auteur Cotta, A.
942 ## - ÉLÉMENTS D'ENTRÉE ADDITIONNELLE (KOHA)
Source de la classification ou du système de rangement
Type d item koha BOOK
Holdings
Statut de retrait Statut de perte Source de la classification ou du système de rangement Statut de déterioration Exclu du prêt Numéro d item Koha Localisation permanente Localisation actuelle Date d'acquisition Source d'acquisition Nombre de prêts Cote Code-barres Date last seen Prix / coût de remplacement Prix en vigueur à partir du Type d item koha Numero d'inventaire
          84936 Bibliothèque de la Faculté des Sciences Économiques et Administratives Bibliothèque de la Faculté des Sciences Économiques et Administratives 20/11/2025 Achat   658.01 SCH. E 1969 5010000798451 20/11/2025 0.00 20/11/2025 BOOK 37097
          84937 Bibliothèque de la Faculté des Sciences Économiques et Administratives Bibliothèque de la Faculté des Sciences Économiques et Administratives 20/11/2025 Achat   658.01 SCH. E 1970 5010000798468 20/11/2025 0.00 20/11/2025 BOOK 31630
© 2019-2026 - Bibliothèques de l'Université du Burundi |Tous droits réservés
home | Pour toute information urgente Contactez nous | tel whatsupp: +25779204313